000 01227nam a22003617a 4500
003 CHAP
005 20220817044439.0
008 110518s1993 mx r 00010 spa d
010 _a101223
011 _a102195
020 _a9681643399
035 _a112883
040 _cCHAP
082 0 4 _a327.1
_bR72
100 1 _aRosental, Andrés.
_9100132
245 1 3 _aLa política exterior de México en la era de la modernidad
_c/por Andrés Rosental
260 _aMéxico, D.F. :
_bFondo de Cultura Económica,
_c1993
300 _a195 p.
490 _aUna visión de la modernización de México
590 _aBATCH-UPD
_b10
_c20130110
_lUCH01
_h1021
590 _aBATCH-UPD
_b10
_c20130410
_lUCH01
_h0626
590 _aBATCH-UPD
_b10
_c20130914
_lUCH01
_h1821
590 _aBATCH-UPD
_b10
_c20161124
_lUCH01
_h1714
590 _aCONVERSION
_b10
_c20130109
_lUCH01
_h1356
650 1 4 _aMéxico
_xRelaciones exteriores.
_976785
650 1 4 _aModernidad.
650 1 4 _aReformas constitucionales.
651 4 _aMéxico
_xPolítica y gobierno.
_976783
830 0 _aUna visión de la modernización de México
_9116089
901 _aBK
942 _cLIBRO
949 _a327.1 R72
_bBC
_cLIBRO
_d33724002253082
_eLIBRO
_h114937
_i112883
_si
999 _c101223
_d101223